| 000 | 00767nam a22002057a 4500 | ||
|---|---|---|---|
| 005 | 20180110103207.0 | ||
| 010 | _a1718EN-30 | ||
| 020 |
_a9788120352413 _c695.00 |
||
| 035 | _aB-681461-475 | ||
| 037 |
_bAsian _adpl |
||
| 082 | _a338.5024658 | ||
| 100 | _aDatta, Debabrata | ||
| 245 |
_aManagerial economics / _c by Debabrata Datta |
||
| 260 |
_aDelhi _bPHI Learning _c2017 |
||
| 270 |
_aRimjhim House, 111 Patparganj Industrial Estate, _bNew Delhi _e110091 |
||
| 300 | v |
_axviii,581p. _c26cm(pbk) |
|
| 500 | _aIncludes index | ||
| 942 |
_2ddc _cEN _mDAT _h338.5024658 |
||
| 999 |
_c145586 _d145586 |
||